000 01113nam a2200289Ia 4500
001 ebr10457988
003 CaPaEBR
006 m u
007 cr cn|||||||||
008 110210s2011 xx a sb 001 0 eng d
020 _z9781608050475
040 _aCaPaEBR
_cCaPaEBR
035 _a(OCoLC)726824631
050 1 4 _aGV1399
_b.H36 2011eb
100 1 _aHan, Dawei.
245 1 0 _aFlood risk assessment and management
_h[electronic resource] /
_cauthored by Dawei Han.
260 _a[S.l.] :
_bBentham Science Publishers,
_c[2011]
300 _aii, 152 p. :
_bill.
504 _aIncludes bibliographical references and index.
533 _aElectronic reproduction.
_bPalo Alto, Calif. :
_cebrary,
_d2011.
_nAvailable via World Wide Web.
_nAccess may be limited to ebrary affiliated libraries.
650 0 _aFloods
_xRisk assessment.
650 0 _aFlood forecasting.
650 0 _aFlood control.
655 7 _aElectronic books.
_2local
710 2 _aebrary, Inc.
856 4 0 _uhttp://site.ebrary.com/lib/rucke/Doc?id=10457988
_zAn electronic book accessible through the World Wide Web; click to view
999 _c127927
_d127927